| 000 | 00865nam a2200265 a 4500 | ||
|---|---|---|---|
| 001 | 59804 | ||
| 003 | BD-RjUL | ||
| 005 | 20211209080754.0 | ||
| 008 | 730306r19661962nyua b 000 0 eng | ||
| 035 | _a(BD-RjUL) 59928 | ||
| 040 |
_aDLC _cODaWU _dOCoLC _dDLC _dBD-RjUL _beng |
||
| 041 | _aeng | ||
| 082 |
_a355.425 _223 _bPAG 1966 |
||
| 100 | 1 |
_aParet, Peter. _9177979 |
|
| 245 | 1 | 0 |
_aGuerrillas in the 1960's / _cPeter Paret and John W. Shy. |
| 250 | _a2nd ed. | ||
| 260 |
_aNew York : _bCenter of International Studies, _cc1962 [Printing 1966] |
||
| 300 |
_a98 p. : _bill. ; _c21 cm. |
||
| 490 |
_aPrinceton studies in world politics, _vno. 1 |
||
| 504 | _aBibliography: p. 85-98. | ||
| 650 | 0 |
_aGuerrilla warfare _9177533 |
|
| 700 | 1 |
_aShy, John W., _ejoint author. _9177980 |
|
| 830 |
_aPrinceton studies in world politics, _vno. 1 _9177982 |
||
| 942 |
_2ddc _cBK |
||
| 999 |
_c59804 _d59804 |
||